Statistiques concernant Les animaux préférés des Français

Cliquez ici pour prendre le quiz!

Statistiques générales

  • Ce quiz a été pris 611 fois
  • Le résultat moyen est 9 sur 12

Statistiques - réponses

PourcentageAnimal% Correct
51 %Chien
100%
49 %Chat
99%
5 %Lion | Poule | Tortue
92%
3 %Singe | Ours | Hamster | Cochon d'Inde
90%
6 %Vache | Lapin
89%
8 %Eléphant | Oiseau
82%
24 %Cheval
77%
2 %Poisson
72%
9 %Tigre
67%
7 %Ane | Panda
46%
17 %Dauphin
44%
11 %Ecureuil
12%

Distribution des résultats

Percentile par nombre de réponses

% des personnes avec chaque résultat

Votre développement - résultats

Vous n’avez pas pris ce quiz